000 00608nai a2200181Ia 4500
003 IN-BaIIA
008 211028c9999 xx s 000 0 eng d
022 _a0252-9599 (Print)
022 _a1860-6261 (Online)
040 _cIIA Library
245 0 _aChinese Annals of Mathematics, Series B
_h[eJournal]
260 _aHeidelber, Germany
_bSpringer Berlin Heidelberg
310 _aBi-monthly
362 _a27(1); 1997 - Present
521 _bSubscribed through National Knowledge Resource Consortium (NKRC)
856 _uhttps://www.springer.com/journal/11401
_yClick Here to Access eJournal
942 _cEJ
999 _c34175
_d34175